000 00422 a2200169 4500
001 69872
020 _a8535617086
040 _cAnchieta - Itaigara
100 _aAragão, José Carlos
240 1 0 _aA menina que inventou o branco-invisível
_lpor
245 1 0 _aA menina que inventou o branco-invisível
300 _a40
362 0 _a2006
440 1 _aPaulinas
650 4 _aLiteratura infanto-juvenil
942 _cBK
999 _c69872
_d69872